Normal view
MARC view
- Supervisor: Dr. Muhammad Uzair Hashmi
Entry Personal Name
001 - CONTROL NUMBER
- control field: 125711
003 - CONTROL NUMBER IDENTIFIER
- control field: NUST
005 - DATE AND TIME OF LATEST TRANSACTION
- control field: 20240909095804.0
008 - FIXED-LENGTH DATA ELEMENTS
- fixed length control field: 240909|| aca||aabn | a|a d
040 ## - CATALOGING SOURCE
- Original cataloging agency: NUST
- Transcribing agency: NUST
100 ## - HEADING--PERSONAL NAME
- Personal name: Supervisor: Dr. Muhammad Uzair Hashmi
670 ## - SOURCE DATA FOUND
- Source citation: Work cat.: (NUST): Shah, Qausain Zahra 125710, Integrating Social Equity in Urban Resilience Planning in Pakistan: A Case Study of Urban Islamabad/
